Tízmilliót ad a megye légimentő-bázisra

Elmentve itt :
Bibliográfiai részletek
Szerző: Bakos András
Dokumentumtípus: Cikk
Megjelent: 2008-03-28
Sorozat:Délmagyarország 98 No. 73
Kulcsszavak:Szentes, Dél-Alföld, Egészségügy mentőszolgálat légimentés
Online Access:http://dmarchiv.bibl.u-szeged.hu/139829
LEADER 00515nab a2200157 i 4500
001 delm139829
005 20200116102436.0
008 200116s2008 hu o 0|| hun d
040 |a SZTE Délmagyarország Archívum  |b hun 
041 |a hun 
100 1 |a Bakos András 
245 1 0 |a Tízmilliót ad a megye légimentő-bázisra  |h [elektronikus dokumentum] /  |c  Bakos András 
260 |c 2008-03-28 
300 |a 3 
490 0 |a Délmagyarország  |v 98 No. 73 
695 |a Szentes, Dél-Alföld, Egészségügy mentőszolgálat légimentés